Top 25 Best-Selling Christmas Singles (U.S.) - Statistics

General Stats
  • This quiz has been taken 27 times
  • The average score is 7 of 25
Answer Stats
Year Title Artist % Correct
1984 Last Christmas Wham!
100%
1994 All I Want for Christmas is You Mariah Carey
95%
1958 Rockin' Around the Christmas Tree Brenda Lee
74%
2014 Santa Tell Me Ariana Grande
37%
1965 Christmas Time Is Here Vince Guaraldi Trio
32%
1959 Let it Snow! Let it Snow! Let it Snow! Dean Martin
32%
1963 Sleigh Ride The Ronettes
32%
1959 Baby, It's Cold Outside Dean Martin
26%
1963 Christmas (Baby Please Come Home) Darlene Love
26%
1994 Christmas (Baby Please Come Home) Mariah Carey
26%
2011 Mistletoe Justin Bieber
26%
2017 Snowman Sia
26%
1958 Run Rudolph Run Chuck Berry
21%
2018 Cozy Little Christmas Katy Perry
16%
2013 Do You Want to Build a Snowman Kristen Bell
16%
2016 Hallelujah Pentatonix
16%
1994 O Holy Night Mariah Carey
16%
2014 Mary, Did You Know? Pentatonix
11%
2007 This Christmas Chris Brown
11%
1963 Winter Wonderland Darlene Love
11%
2017 You Make It Feel Like Christmas Gwen Stefani
11%
1994 Hark! The Herald Angels Sing Mariah Carey
5%
2017 A Ghetto Christmas Carol XXXTentacion
0%
2019 Like It's Christmas Jonas Brothers
0%
2018 What Christmas Means to Me John Legend
0%
No matching quizzes found
Score Distribution
Percent of People with Each Score
Percentile by Number Answered
Your Score History
You have not taken this quiz